Κατάλογος Βιβλιοθηκών Mediterranean College

Πλήρης Οδηγός του Ελληνικού Powerpoint 2000 / Microsoft special edition (Record no. 5148)

MARC details
000 -LEADER
fixed length control field 01093cam a22001934a 4500
005 - ΗΜΕΡΟΜΗΝΙΑ ΚΑΙ ΩΡΑ ΤΕΛΕΥΤΑΙΑΣ ΕΝΗΜΕΡΩΣΗΣ
Πεδίο ελέγχου 20250605164205.0
008 - FIXED-LENGTH DATA ELEMENTS--GENERAL INFORMATION
Πεδίο ελέγχου σταθερού μήκους 250528s ||||||||||||||||||||||||d
035 ## - SYSTEM CONTROL NUMBER
System control number 19906
020 ## - ISBN
ISBN 9605202328
040 ## - ΠΗΓΗ ΚΑΤΑΛΟΓΟΓΡΑΦΗΣΗΣ
Φορέας πρωτότυπης καταλογογράφησης MC Athens Campus Library
Γλώσσα καταλογογράφησης Ελληνικά, Μοντέρνα (1453-)
Modifying agency MC Athens Campus Library
Κανόνες περιγραφικής καταλογογράφησης AACR2
245 1# - ΤΙΤΛΟΣ ΚΑΙ ΔΗΛΩΣΗ ΥΠΕΥΘΥΝΟΤΗΤΑΣ
Τίτλος Πλήρης Οδηγός του Ελληνικού Powerpoint 2000 / Microsoft special edition
260 ## - PUBLICATION, DISTRIBUTION, ETC.
Name of publisher, distributor, etc. Γκιούρδας,
Date of publication, distribution, etc. 2000
300 ## - PHYSICAL DESCRIPTION
Extent 766
520 ## - SUMMARY, ETC.
Summary, etc. Ένα απαραίτητο Ελληνικό βιβλίο για το Microsoft Power Point 2000. Περιέχει CD-ROM. Τα Βασικά του Power Point, Επεξεργασία και Μορφοποίηση Παρουσιάσεων, Εκτέλεση Παρουσιάσεων, Εργασία με Γραφικά και Γραφήματα και Πολυμέσα, Εργασια με το Power Point στο Web, Power Point για Προχωρημένους, Από την Ιδέα στην Εκτέλεση, Παραρτήματα, Ευρετήριο.
700 1# - ΠΡΟΣΘΕΤΗ ΑΝΑΓΡΑΦΗ--ΦΥΣΙΚΟ ΠΡΟΣΩΠΟ
Personal name Rutledge Patrice-Anne
9 (RLIN) 6061
942 ## - ADDED ENTRY ELEMENTS (KOHA)
Koha item type Books
Holdings
Τύπος τεκμηρίου Βιβλιοθήκη Τρέχουσα τοποθεσία Barcode Αριθμός εισαγωγής Ημερομηνία απόκτησης Ταξιθετικό σύμβολο Αριθμός αντιτύπου Κατάσταση απόσυρσης Κατάσταση χαμένου Κατάσταση κατεστραμμένου Μη δανεισμός Σύνολο δανεισμών Ημερομηνία τελευταίας εμφάνισης Η τιμή ισχύει από
Books MC Athens Campus Library MC Athens Campus Library 9780000051479 6112 05/06/2025 006.6869 RUT 1           05/06/2025 05/06/2025

MC Athens Campus Library
Πατησίων 94 & Κοδριγκτώνος 13, 104 34
Πελλήνης 8 & Πατησίων 107, 112 51
Τ: +30 210 8899600

MC Thessaloniki Campus Library
Ίωνος Δραγούμη 21, 54625 | Ίωνος Δραγούμη 15, 54625
Τ: +30 2310 287779 – Τ: +30 2314 440300